000 01715cam a22003614a 4500
001 15565190
003 Nust
005 20220829115354.0
008 081222s2009 nyu 000 1 eng
010 _a 2008054625
020 _a9780718154455
_cRs. 916
035 _a(OCoLC)ocn233548226
038 _aArshad
040 _aDLC
_cDLC
_dBTCTA
_dBAKER
_dYDXCP
_dDOV
_dWIM
_dIHE
_dLF3
_dP@N
_dUPZ
_dLEO
_dWIQ
_dC#P
_dVP@
_dCDX
_dXY4
_dOCLCQ
_dDLC
042 _alcac
050 0 0 _aPS3553.U75
_bC67 2009b
082 0 0 _a823
_bCUS
100 1 _aCussler, Clive.
_912104
245 1 0 _aCorsair :
_ba novel of the Oregon files /
_cClive Cussler with Jack Du Brul.
260 _aNew York :
_bG.P. Putnam's Sons,
_c2009.
300 _a437 p. ;
_c24 cm.
520 _aWhen the U.S. secretary of state's plane crashes while bringing her to a summit meeting in Libya, the CIA, distrusting the Libyans, hire Juan Cabrillo to search for her--in a manhunt that pits him against Islamic terrorists and a search for answers regarding a centuries-old Islamic manuscript.
650 0 _aCabrillo, Juan (Fictitious character)
_vFiction.
_912145
650 1 _aMissing women
_vFiction.
_912146
650 1 _aLibya
_vFiction.
_912147
655 7 _aSuspense fiction.
_2gsafd
_94577
700 1 _aDu Brul, Jack B.
_912148
856 4 2 _3Publisher description
_uhttp://www.loc.gov/catdir/enhancements/fy0906/2008054625-d.html
856 4 2 _3Contributor biographical information
_uhttp://www.loc.gov/catdir/enhancements/fy0913/2008054625-b.html
906 _a7
_bcbc
_corignew
_d1
_eecip
_f20
_gy-gencatlg
942 _2ddc
_cBK
999 _c174483
_d174483